000 00736aas a2200217 4500
999 _c3067
_d3067
003 BR-BrBNA
005 20230317233708.0
007 ta
008 230119b bl ||||| |||| 00| 0 por d
035 _a000485-5
040 _aBR-BrBNA
_bPor
_cBR-BrBNA
042 _aN
044 _abl
245 _aInformativo Técnico - Instituto Nacional de Colonização e Reforma Agrária (Brazil)
260 _aFortaleza-CE
_bEmpresa de Assistência Técnica e Extensão Rural do Ceará
_c1978. Data final de publicação em 1980
_eBCE
270 _aAv. Central com Variante "A" - Bairro Camebeba - Caixa Postal 05 - 60000-000
310 _airregular
505 _a1978 (3); 1979 (5,7,9-12); 1980 (1,3);
909 _a56
_bSergio Santos
_c56
_dSergio Santos
942 _cCR
_2AGRIS